<?xml version="1.0" encoding="UTF-8"?>
<collection xmlns="http://www.loc.gov/MARC21/slim">
  <record>
    <leader>00000nam  2200000   4500</leader>
    <controlfield tag="001">INLIS000000000020773</controlfield>
    <controlfield tag="005">20250807024724</controlfield>
    <datafield tag="035" ind1="#" ind2="#">
      <subfield code="a">0010-0825000051</subfield>
    </datafield>
    <controlfield tag="007">ta</controlfield>
    <controlfield tag="008">250807################|##########|#|##</controlfield>
    <datafield tag="084" ind1="#" ind2="#">
      <subfield code="a">R 0027 PKP 2024</subfield>
    </datafield>
    <datafield tag="100" ind1=" " ind2="#">
      <subfield code="a">Nofalita</subfield>
    </datafield>
    <datafield tag="245" ind1="1" ind2="#">
      <subfield code="a">JSOP, Optimalisasi Penatausahaan Barang Milik Negara (BMN) Melalui Penyusunan Juknis Dan SOP /</subfield>
      <subfield code="c">Nofalita</subfield>
    </datafield>
    <datafield tag="260" ind1="#" ind2="#">
      <subfield code="a">Jakarta :</subfield>
      <subfield code="b">Pusbangkom Pimnas dan Manajerial ASN,</subfield>
      <subfield code="c">2024</subfield>
    </datafield>
    <datafield tag="300" ind1="#" ind2="#">
      <subfield code="a">28 hlm. ;</subfield>
      <subfield code="c">30 cm</subfield>
    </datafield>
    <datafield tag="650" ind1="#" ind2="4">
      <subfield code="a">Penatausahaan</subfield>
    </datafield>
    <datafield tag="520" ind1="#" ind2="#">
      <subfield code="a">Penatausahaan BMN memiliki peran strategis dalam mendukung tata kelola aset negara yang akuntabel, sesuai dengan amanat Reformasi Birokrasi tematik yang mengedepankan pengelolaan sumber daya secara efisien, optimal, dan berdaya guna. Aksi perubahan ini dilaksanakan melalui tiga tahapan. Tahap pertama adalah persiapan, yang meliputi penyusunan draft Juknis dan SOP serta pembentukan tim kerja. Tahap kedua adalah pelaksanaan, termasuk finalisasi dokumen, sosialisasi, dan koordinasi dengan stakeholder. Tahap akhir adalah evaluasi, yang mencakup monitoring implementasi serta pemberian umpan balik untuk perbaikan berkelanjutan.</subfield>
    </datafield>
    <datafield tag="990" ind1="#" ind2="#">
      <subfield code="a">2024/1.2.4/A/0027</subfield>
    </datafield>
  </record>
</collection>
